[Event "CRO-chT2 Ost"]
[Site "Croatia"]
[Date "2016.04.16"]
[Round "2.41"]
[White "Saric, Sinisa"]
[Black "Stipandic, Marko"]
[Result "1-0"]
[WhiteElo "2437"]
[BlackElo "2049"]
[PlyCount "53"]
[EventDate "2016.04.16"]
[EventType "team-tourn"]
[EventRounds "11"]
[EventCountry "CRO"]
[SourceTitle "EXT 2019"]
[Source "ChessBase"]
[SourceDate "2018.10.10"]
[SourceVersion "1"]
[SourceVersionDate "2018.10.10"]
[SourceQuality "1"]

1. d4 Nf6 2. c4 g6 3. Nc3 Bg7 4. e4 0-0 5. Nf3 d6 6. Be2 Nc6 7. d5 Nb8 8. 0-0 c5 9. h3 Nbd7 10. Bf4 Ne8 11. Qd2 Ne5 12. Rfe1 Nxf3+ 13. Bxf3 Nf6 14. e5 dxe5 15. Bxe5 Bd7 16. Rad1 Qb6 17. Qf4 Ne8 18. Bxg7 Nxg7 19. Rxe7 Qxb2 20. Ne4 Ba4 21. Nf6+ Kh8 22. Rxb7 Qc3 23. Rc1 Qd4 24. Qxd4 cxd4 25. Rb4 Be8 26. c5 Nf5 27. Be4 1-0

[Event "CRO-chT2 East"]
[Site "Croatia"]
[Date "2011.04.16"]
[Round "4"]
[White "Lazic, Miroljub"]
[Black "Stipandic, Marko"]
[Result "1-0"]
[WhiteElo "2488"]
[BlackElo "2090"]
[PlyCount "49"]
[EventDate "2011.04.02"]
[EventType "tourn"]
[EventRounds "11"]
[EventCountry "CRO"]
[SourceTitle "EXT 2014"]
[Source "ChessBase"]
[SourceDate "2013.11.20"]
[SourceVersion "1"]
[SourceVersionDate "2013.11.20"]
[SourceQuality "1"]

1. g3 e5 2. c4 d5 3. cxd5 Qxd5 4. Nf3 Nc6 5. Nc3 Qd6 6. Bg2 Nf6 7. 0-0 Be7 8. b3 Bg4 9. h3 Bf5 10. Bb2 Qd7 11. g4 Bg6 12. Nh4 Nxg4 13. Nxg6 hxg6 14. hxg4 Qxg4 15. e3 Qh4 16. Re1 0-0-0 17. Rc1 Rh5 18. Ne4 f5 19. Ng3 Rg5 20. Bxc6 bxc6 21. Bxe5 Bd6 22. Bxd6 Rxd6 23. Qf3 Kd7 24. Rc4 Qh8 25. Rec1 1-0

[Event "CRO-chT2c"]
[Site "Croatia"]
[Date "2009.04.04"]
[Round "1"]
[White "Cajzler, Hinko"]
[Black "Stipandic, Marko"]
[Result "0-1"]
[WhiteElo "2207"]
[BlackElo "2057"]
[PlyCount "68"]
[EventDate "2009.04.04"]
[EventType "team-tourn"]
[EventRounds "11"]
[EventCountry "CRO"]
[SourceTitle "EXT 2010"]
[Source "ChessBase"]
[SourceDate "2010.11.25"]
[SourceVersion "1"]
[SourceVersionDate "2010.11.25"]
[SourceQuality "1"]

1. e4 c5 2. Nf3 d6 3. d4 cxd4 4. Nxd4 Nf6 5. Nc3 a6 6. g3 e5 7. Nde2 Nc6 8. Bg2 Be7 9. h3 0-0 10. 0-0 Re8 11. a4 Nb4 12. Be3 Be6 13. Nd5 Nfxd5 14. exd5 Bf5 15. Rc1 Rc8 16. c3 Nd3 17. Rc2 b5 18. axb5 axb5 19. Rd2 Nc5 20. g4 Bd7 21. Ng3 g6 22. f4 Bh4 23. Nh1 f5 24. fxe5 dxe5 25. gxf5 gxf5 26. d6 e4 27. Rd5 Nd3 28. Rfxf5 Bxf5 29. d7 Bxd7 30. Bxe4 Rxe4 31. Qxd3 Rxe3 32. Qxe3 Qe8 33. Qd4 Rc4 34. Qd1 Re4 0-1

[Event "CRO-chT2c"]
[Site "Croatia"]
[Date "2009.04.04"]
[Round "2"]
[White "Stipandic, Marko"]
[Black "Pandurevic, Miro"]
[Result "0-1"]
[WhiteElo "2057"]
[BlackElo "2226"]
[PlyCount "86"]
[EventDate "2009.04.04"]
[EventType "team-tourn"]
[EventRounds "11"]
[EventCountry "CRO"]
[SourceTitle "EXT 2010"]
[Source "ChessBase"]
[SourceDate "2010.11.25"]
[SourceVersion "1"]
[SourceVersionDate "2010.11.25"]
[SourceQuality "1"]

1. d4 Nf6 2. Nf3 e6 3. c4 d5 4. Nc3 c6 5. e3 Nbd7 6. Bd3 Bd6 7. 0-0 0-0 8. e4 dxc4 9. Bxc4 e5 10. a4 h6 11. Re1 exd4 12. Nxd4 Ne5 13. Be2 Nfg4 14. h3 Bc5 15. Bxg4 Bxg4 16. hxg4 Bxd4 17. g5 Nd3 18. Rf1 hxg5 19. Qh5 f6 20. g3 Qe8 21. Qe2 Rd8 22. Kg2 Nc5 23. f3 Nb3 24. Ra3 Qe6 25. Rh1 Bc5 26. Ra2 a5 27. f4 Nxc1 28. Rxc1 gxf4 29. gxf4 Bb4 30. Raa1 Rd4 31. Re1 Re8 32. f5 Qe5 33. Kf3 g5 34. fxg6 Bxc3 35. bxc3 Qh5+ 36. Kf4 Qh4+ 37. Kf3 Qh3+ 38. Kf2 Qxc3 39. Qh5 Rd2+ 40. Kf1 Qd3+ 41. Re2 Qxe2+ 42. Qxe2 Rxe2 43. Kxe2 Rxe4+ 0-1

[Event "Bizovac Metalis op 13th"]
[Site "Bizovac"]
[Date "2006.02.26"]
[Round "7"]
[White "Stipandic, Marko"]
[Black "Martic, Zlatko"]
[Result "0-1"]
[WhiteElo "2126"]
[BlackElo "2273"]
[PlyCount "84"]
[EventDate "2006.02.23"]
[EventType "swiss"]
[EventRounds "7"]
[EventCountry "CRO"]
[SourceTitle "CBM 110 Extra"]
[Source "ChessBase"]
[SourceDate "2006.03.10"]
[SourceVersion "2"]
[SourceVersionDate "2006.03.10"]
[SourceQuality "1"]

1. c4 g6 2. g3 Bg7 3. Bg2 e5 4. Nf3 Nc6 5. 0-0 Nge7 6. Nc3 d6 7. Rb1 Be6 8. d3 h6 9. Bd2 0-0 10. b4 Qd7 11. b5 Nd8 12. a4 c6 13. Qc1 Kh7 14. Qa3 f5 15. a5 Rc8 16. Be3 c5 17. a6 b6 18. Bd2 g5 19. Na4 Nf7 20. Bc3 Ng6 21. Nd2 g4 22. f4 gxf3 23. exf3 f4 24. Qb2 h5 25. Ne4 Qe7 26. Kf2 Nh6 27. Ke2 Nf5 28. Rf2 d5 29. cxd5 Bxd5 30. Bh3 Be6 31. Bxf5 Bxf5 32. Qb3 c4 33. dxc4 Bxe4 34. fxe4 fxg3 35. Rxf8 Rxf8 36. hxg3 Qg5 37. Bd2 Qg4+ 38. Kd3 Rf3+ 39. Be3 Bh6 40. Re1 Bxe3 41. Rxe3 Rxe3+ 42. Kxe3 Qxg3+ 0-1